Представление документа в формате RUSMARC

ПолеНазваниеЗначение
  Тип записи a
  Библиографический уровень m
001 Контрольный номер RU/СЮИ МВД России/KNIGI/65.012.1/Т 19-282070
005 Дата корректировки 20140508173759.7
010 Индекс ISBN __
a ISBN 978-5-9916-1167-1
d Цена р.292.02
100 Данные общей обработки __
a Данные общей обработки 20110620d2011 |||y0rusy0189
101 Язык документа 0_
a Язык текста rus
102 Страна публикации __
a Страна публикации RU
105 Кодированные данные (монография) __
a Кодированные данные (монография) y j 000yy
200 Заглавие и сведения об ответственности 1_
a Заглавие Микроэкономика
e Сведения, относящиеся к заглавию учебник
205 Сведения об издании __
a Основные сведения об издании 6-е изд., испр. и доп.
210 Выходные данные __
a Место издания М.
c Издательство Юрайт
d Дата издания 2011
215 Физическое описание __
a Объем 541 с.
327 Примечание о содержании 1_
a Примечание о содержании Содержание : Введение в микроэкономику ; Предложение и спрос ; Теория производства и предложения благ ; Теория потребительского спроса ; Цена отраслевого равновесия ; Ценообразование на рынке совершенной конкуренции ; Ценообразование на монополизированном рынке ; Ценообразование на рынках несовершенной конкуренции ; Ценообразование факторов производства ; Общее экономическое равновесие ; Общее экономическое равновесие и общественное благосостояние ; Отказы рынка и аллокативная роль государства ; Микроэкономика внешней торговли ; Исходная модель Рикардо ; Модель Хекшера - Олина ; Теория импортных пошлин ; Ценообразование на валютном рынке
330 Аннотация __
a Аннотация Рекомендовано Министерством образования Российской Федерации в качестве учебника для студентов высших учебных заведений, обучающихся по экономическим специальностям
464 Аналитический уровень _0
1 2001
a Введение в микроэкономику
464 Аналитический уровень _0
1 2001
a Предложение и спрос
464 Аналитический уровень _0
1 2001
a Теория производства и предложения благ
464 Аналитический уровень _0
1 2001
a Теория потребительского спроса
464 Аналитический уровень _0
1 2001
a Цена отраслевого равновесия
464 Аналитический уровень _0
1 2001
a Ценообразование на рынке совершенной конкуренции
464 Аналитический уровень _0
1 2001
a Ценообразование на монополизированном рынке
464 Аналитический уровень _0
1 2001
a Ценообразование на рынках несовершенной конкуренции
464 Аналитический уровень _0
1 2001
a Ценообразование факторов производства
464 Аналитический уровень _0
1 2001
a Общее экономическое равновесие
464 Аналитический уровень _0
1 2001
a Общее экономическое равновесие и общественное благосостояние
464 Аналитический уровень _0
1 2001
a Отказы рынка и аллокативная роль государства
464 Аналитический уровень _0
1 2001
a Микроэкономика внешней торговли
464 Аналитический уровень _0
1 2001
a Исходная модель Рикардо
464 Аналитический уровень _0
1 2001
a Модель Хекшера - Олина
464 Аналитический уровень _0
1 2001
a Теория импортных пошлин
464 Аналитический уровень _0
1 2001
a Ценообразование на валютном рынке
606 Тематические рубрики __
a Основная рубрика Микроэкономика
620 Место и дата публикации, исполнения и т.д. __
d Город Москва
686 Индексы других классификаций __
a Классификационный индекс 65.012.1
2 Код системы rubbk
686 Индексы других классификаций __
a Классификационный индекс 06
2 Код системы rugasnti
700 Автор _1
a Фамилия Тарасевич
b Имя Л. С.
4 Код отношения 070
701 Альтернативная интеллектуальная ответственность _1
a Фамилия Гребенников
b Имя П. И.
4 Код отношения 070
701 Альтернативная интеллектуальная ответственность _1
a Фамилия Леусский
b Имя А. И.
4 Код отношения 070
712 Наименование организации (Вторичная ответственность) 12
a Организация/ юрисдикция Санкт - Петербургский государственный университет экономики и финансов
801 Источник записи _0
b Организация СЮИ МВД России
a Страна RU
c Дата составления 20110620
801 Источник записи _1
a Страна RU
b Организация ПКИ
c Дата составления 20110620
852 Данные о местонахождении __
a Наименование организации СЮИ МВД России
b Сигла хранения ЧЗ_Поволжский филиал
i Авторский знак Т 19
p Инвентарный номер 139605
j Шифр хранения 65.012.1
j Шифр хранения 65.012.1
j Шифр хранения 65.012.1
j Шифр хранения 65.012.1
j Шифр хранения 65.012.1
j Шифр хранения 65.012.1
j Шифр хранения 65.012.1
j Шифр хранения 65.012.1
j Шифр хранения 65.012.1
j Шифр хранения 65.012.1
j Шифр хранения 65.012.1
j Шифр хранения 65.012.1
j Шифр хранения 65.012.1
j Шифр хранения 65.012.1
j Шифр хранения 65.012.1
j Шифр хранения 65.012.1
j Шифр хранения 65.012.1
j Шифр хранения 65.012.1
j Шифр хранения 65.012.1
j Шифр хранения 65.012.1
852 Данные о местонахождении __
a Наименование организации СЮИ МВД России
b Сигла хранения УчФ_Поволжский филиал
i Авторский знак Т 19
p Инвентарный номер 139606
852 Данные о местонахождении __
a Наименование организации СЮИ МВД России
b Сигла хранения УчФ_Поволжский филиал
i Авторский знак Т 19
p Инвентарный номер 139607
852 Данные о местонахождении __
a Наименование организации СЮИ МВД России
b Сигла хранения УчФ_Поволжский филиал
i Авторский знак Т 19
p Инвентарный номер 139608
852 Данные о местонахождении __
a Наименование организации СЮИ МВД России
b Сигла хранения УчФ_Поволжский филиал
i Авторский знак Т 19
p Инвентарный номер 139609
852 Данные о местонахождении __
a Наименование организации СЮИ МВД России
b Сигла хранения УчФ_Поволжский филиал
i Авторский знак Т 19
p Инвентарный номер 139610
852 Данные о местонахождении __
a Наименование организации СЮИ МВД России
b Сигла хранения УчФ_Поволжский филиал
i Авторский знак Т 19
p Инвентарный номер 139611
852 Данные о местонахождении __
a Наименование организации СЮИ МВД России
b Сигла хранения УчФ_Поволжский филиал
i Авторский знак Т 19
p Инвентарный номер 139612
852 Данные о местонахождении __
a Наименование организации СЮИ МВД России
b Сигла хранения УчФ_Поволжский филиал
i Авторский знак Т 19
p Инвентарный номер 139613
852 Данные о местонахождении __
a Наименование организации СЮИ МВД России
b Сигла хранения УчФ_Поволжский филиал
i Авторский знак Т 19
p Инвентарный номер 139614
852 Данные о местонахождении __
a Наименование организации СЮИ МВД России
b Сигла хранения УчФ_Поволжский филиал
i Авторский знак Т 19
p Инвентарный номер 139615
852 Данные о местонахождении __
a Наименование организации СЮИ МВД России
b Сигла хранения УчФ_Поволжский филиал
i Авторский знак Т 19
p Инвентарный номер 139616
852 Данные о местонахождении __
a Наименование организации СЮИ МВД России
b Сигла хранения УчФ_Поволжский филиал
i Авторский знак Т 19
p Инвентарный номер 139617
852 Данные о местонахождении __
a Наименование организации СЮИ МВД России
b Сигла хранения УчФ_Поволжский филиал
i Авторский знак Т 19
p Инвентарный номер 139618
852 Данные о местонахождении __
a Наименование организации СЮИ МВД России
b Сигла хранения УчФ_Поволжский филиал
i Авторский знак Т 19
p Инвентарный номер 139619
852 Данные о местонахождении __
a Наименование организации СЮИ МВД России
b Сигла хранения УчФ_Поволжский филиал
i Авторский знак Т 19
p Инвентарный номер 139620
852 Данные о местонахождении __
a Наименование организации СЮИ МВД России
b Сигла хранения УчФ_Поволжский филиал
i Авторский знак Т 19
p Инвентарный номер 139621
852 Данные о местонахождении __
a Наименование организации СЮИ МВД России
b Сигла хранения УчФ_Поволжский филиал
i Авторский знак Т 19
p Инвентарный номер 139622
852 Данные о местонахождении __
a Наименование организации СЮИ МВД России
b Сигла хранения УчФ_Поволжский филиал
i Авторский знак Т 19
p Инвентарный номер 139623
852 Данные о местонахождении __
a Наименование организации СЮИ МВД России
b Сигла хранения УчФ_Поволжский филиал
i Авторский знак Т 19
p Инвентарный номер 139624
901 Тип документа __
t Тип документа m
938 Служебная информация __
a Название организации Поволжский филиал
b Имя БД Книги_Ирбис
c Название АИБС АБИС ИРБИС